000 00204 a2200097 4500
001 19794
100 _aBeer, F P
245 _aVector mechs for Engrs
260 _a
_bMcGraw-Hill
_c
090 _c14419
_d14419
942 _aNUST-CAE
_cM
_c4913
999 _c254867
_d254867